Tâm lý học tiếp thị Bí kíp đọc vị khách hàng
Sparad:
| Huvudupphovsman: | |
|---|---|
| Övriga upphovsmän: | |
| Materialtyp: | Bok |
| Publicerad: |
Hà Nội
Thế giới ; Công ty Văn hoá và Truyền thông Nhã Nam
2020
|
| Ämnen: | |
| Taggar: |
Lägg till en tagg
Inga taggar, Lägg till första taggen!
|
| Thư viện lưu trữ: | Trung tâm Học liệu Lê Vũ Hùng, Trường Đại học Đồng Tháp |
|---|
| LEADER | 00909pam a22002658a 4500 | ||
|---|---|---|---|
| 001 | 00046043 | ||
| 005 | 20201130151121.0 | ||
| 008 | 170516s2006 ||||||Viesd | ||
| 020 | # | # | |a 9786047768936 |c 135000 |
| 041 | 0 | # | |a Vie |
| 082 | 1 | # | |a 658.8 |b T120L |
| 100 | 1 | # | |a Hà, Thánh Quân |
| 245 | 0 | 0 | |b Bí kíp đọc vị khách hàng |a Tâm lý học tiếp thị |c Hà Thánh Quân ; Tạ Thu Ngân (dịch) |
| 260 | # | # | |a Hà Nội |b Thế giới ; Công ty Văn hoá và Truyền thông Nhã Nam |c 2020 |
| 300 | # | # | |a 213 tr. |c 24 cm |
| 653 | # | # | |a Khách hàng |
| 653 | # | # | |a Đọc vị |
| 653 | # | # | |a Tâm lý học |
| 653 | # | # | |a Kinh doanh |
| 653 | # | # | |a Thành công |
| 653 | # | # | |a Tiếp thị |
| 700 | # | # | |a Tạ Thu Ngân |e Dịch |
| 852 | # | # | |j KD.0027586 |
| 910 | # | # | |d 30/11/2020 |
| 980 | # | # | |a Trung tâm Học liệu Lê Vũ Hùng, Trường Đại học Đồng Tháp |


